000 00518nam a2200169 4500
001 147937
003 ES-MaACL
005 20230906202337.0
007 t|
008 070214s1971 sp r ||||1| spa d
100 1 _aSpies, Werner.
_9107723
245 1 0 _aEsculturas de Picasso
_b: obra completa /
_cWerner Spies ; versión de Gisela Rutziel.
260 _aBarcelona :
_bGustavo Gili,
_c1971.
300 _a330 p., 108 lám. ;
_c30 cm.
700 1 _aRutziel, Gisela.
_9101078
852 _aES-MaACL
_jC-42184
_bR.80706
999 _c147937
_d147937